000
00329nam a22001337a 4500
008
171012b xxu||||| |||| 00| 0 eng d
020
_a
9780534099183
041
_a
eng
080
_a
316
100
_a
50
101
_a
SOC
245
_a
FINGING OUT CONDUCTING AND EVALUAATING SOCIAL RESEARCH
_c
TRUE.J.A
942
_2
udc
_c
BK
999
_c
33301
_d
33301